| 000 | 00690nam a22001697a 4500 | ||
|---|---|---|---|
| 003 | OSt | ||
| 005 | 20241111160603.0 | ||
| 008 | 241111b |||||||| |||| 00| 0 eng d | ||
| 041 | _aEnglish | ||
| 082 | _aPM/MPS/18 Acc. No. 10,237 | ||
| 110 | _aMinistry Of Roads And Highways | ||
| 245 | _aSinohydro Master Project Agreement(Construction Of Priority Infrastructure Projects) Engineering, Procurement And Construction/Turkey Contract For Rehabilitation Of New Abirem Ofoasekuma-Akim Oda Road (38km) Lot9 | ||
| 260 |
_aAccra _bMinistry Of Roads And Highways _c2018 |
||
| 300 | _a73p. 14Tabs | ||
| 650 | _2Rehabilitation Of New Abirem Ofoasekuma-Akim Oda Road (38km) Lot9 | ||
| 942 |
_2ddc _cAG _n0 |
||
| 999 |
_c4717 _d4717 |
||